LIBRARY & INFORMATION CENTRE, KCAET, TAVANUR

ONLINE PUBLIC ACCESS CATALOGUE (OPAC)

Annual services of bio-physics and bio-engineering / (Record no. 5950)

MARC details
000 -LEADER
fixed length control field 00448cam a2200169ua 4500
020 ## - INTERNATIONAL STANDARD BOOK NUMBER
ISBN 0 8243 1813 7
041 ## - LANGUAGE CODE
Language code of text/sound track or separate title eng
082 ## - DEWEY DECIMAL CLASSIFICATION NUMBER
Classification number 028.74574
Item number ENG/AN
100 ## - MAIN ENTRY--AUTHOR NAME
Personal name Engelman, Donald M .
245 ## - TITLE STATEMENT
Title Annual services of bio-physics and bio-engineering /
250 ## - EDITION STATEMENT
Edition statement 1 /
260 ## - PUBLICATION, DISTRIBUTION, ETC. (IMPRINT)
Place of publication USA :
Name of publisher Annual reviews ,
Year of publication 1984.
300 ## - PHYSICAL DESCRIPTION
Number of Pages 538 ; .
942 ## - ADDED ENTRY ELEMENTS (KOHA)
Koha item type Books
Holdings
Withdrawn status Lost status Damaged status Home library Current library Date acquired Full call number Accession Number Koha item type
      KAUAET   27/03/1987 028.74574 16194 Books
free website counter